000 00861cab a2200325 4500
001 ABS60464
008 090401t1999 xxu||||| |||| 00| 0 eng d
035 _a(Sirsi) u93130
041 _aeng
100 _aTutcher, S.
245 _aNew rates for the industrial sector
260 _c1999
350 _a0
490 _aProperty Week
_v64 (16) 23 April 1999, 34(1)
650 _aDISTRIBUTION PROPERTY
650 _aINDUSTRIAL PROPERTY
650 _aMANUFACTURING PROPERTY
650 _aMARKET RENTAL VALUES
650 _aMIDLANDS
650 _aNORTH
650 _aRATES
650 _aRATING REVALUATION
650 _aRATING REVALUATION 2000
650 _aSCOTLAND
650 _aSOUTH EAST
650 _aWALES
690 _aPROPERTY-COMMERCIAL PROPERTY-COMMERCIAL PROPERTY APPRAISAL AND VALUATION
942 _n0
948 _c05/05/1999
999 _c59016
_d59016